Everything Stays Lyrics - Adventure Time - Statistics

General Stats
  • This quiz has been taken 152 times
  • The average score is 103 of 127
Answer Stats
Lyrics % Correct
Ever
98%
you
98%
it
97%
stays
97%
stays,
97%
Everything
96%
everything
96%
left
96%
Right
95%
right
95%
so
94%
the
94%
The
94%
where
94%
go
93%
Go
93%
garden
92%
in
92%
In
92%
down
91%
find
91%
something
91%
waiting
91%
Let's
90%
upside
90%
You'll
90%
and
89%
it's
89%
is
88%
there
88%
turn
88%
When
88%
when
88%
finally
87%
nightly
87%
see
87%
daily
86%
slightly,
86%
but
85%
how
84%
Lying
84%
around
83%
changes
83%
still
83%
ways,
82%
little
80%
to
78%
faded
77%
lighter
76%
underside
76%
ocean
66%
crystal
56%
tide
56%
tide,
56%
higher
47%
Waters'
47%
as
45%
washes
44%
out
43%
shore
43%
cause
42%
your
42%
drown
41%
raising
41%
moon
39%
controls
38%
sun
38%
eyes
37%
Keep
37%
wide
36%
blazing
35%
could
35%
open,
35%
even
33%
gotten
32%
you've
13%
No matching quizzes found
Score Distribution
Percent of People with Each Score
Percentile by Number Answered
Your Score History
You have not taken this quiz